| 000 | 00540nam a2200157 4500 | ||
|---|---|---|---|
| 001 | 143391 | ||
| 003 | ES-MaACL | ||
| 005 | 20230906200811.0 | ||
| 007 | t| | ||
| 008 | 070214s1911 sp r ||||1| spa d | ||
| 100 | 1 |
_aSerrano Ortega, Manuel. _9105784 |
|
| 245 | 1 | 0 |
_aGuía de los monumentos históricos y artísticos de los pueblos de la provincia de Sevilla / _cpor el Licenciado Manuel Serrano Ortega. |
| 260 |
_aSevilla : _b[s. n.], _c1911 ( _fF. de P. Díaz) |
||
| 300 |
_a164 p. ; _c23 x 16 cm + _e1 map. |
||
| 852 |
_aES-MaACL _jG-5887 |
||
| 999 |
_c143391 _d143391 |
||